000 00819nam a2200265 a 4500
999 _c7407
_d7407
001 7407
003 BD - JhCC
005 20180212110824.0
008 900714r19851969ii c 001 0 eng d
020 _a0195773403
035 _a(BD - JhCC)7407
040 _aBD-JhCC
_dBD-JhCC
041 _aeng
050 0 _aDS480.83
082 _a954.03/59
_219
_bHOD 1999
100 1 _aHodson, H. V.
_q(Henry Vincent),
_d1906-1999
245 1 4 _aThe great divide :
_bBritain - India - Pakistan /
_cH.V. Hodson ;
260 _aKarachi ;
_aOxford :
_bOxford University Press,
_c1985
300 _axii, 590 p, [5] p of plates,
_bports ;
_c23 cm
500 _aIncludes index
500 _aOriginally published: London : Hutchinson, 1969
651 0 _aIndia
_xPolitics and government
_y1919-1947
942 _2ddc
_cBK